000 00550nam a2200181Ia 4500
008 100920s9999 xx 000 0 und d
082 _b75667
_a23 थ 97
100 _aKosiur David.
245 _aUnderstanding Electronic Commerce.
260 _bMicrosoft Press,Washington.
_c1997
300 _a287
_bसाधी
365 _b897.55
520 _aकॉम्प्युटर.
630 _aUnderstanding Electronic Commerce.
650 _aकॉम्प्युटर.
730 _aUnderstanding Electronic Commerce.
942 _cBOOK
999 _c717156
_d717153